000 00315 a2200145 4500
001 147582
040 _cEscola São Tomás de Aquino
100 _aJUNQUEIRA, Sonia
240 1 0 _aO galo maluco
_lpor
245 1 0 _aO galo maluco
300 _a24
362 0 _a2014
697 _a*LITERATURA INFANTIL
942 _cBK
999 _c147582
_d147582